Dataset Open Access

Supplementary material for publication "Coming together, keeping apart. Neolithic networks and society at the Münchshöfen enclosure and Cham site of Riedling, Lower Bavaria"

Hofmann, Daniela; Szilágyi, Márton; Ewersen, Jörg; Kegler-Graiewski, Nicole; Griffiths, Seren


MARC21 XML Export

<?xml version='1.0' encoding='UTF-8'?>
<record xmlns="http://www.loc.gov/MARC21/slim">
  <leader>00000nmm##2200000uu#4500</leader>
  <datafield tag="542" ind1=" " ind2=" ">
    <subfield code="l">open</subfield>
  </datafield>
  <datafield tag="700" ind1=" " ind2=" ">
    <subfield code="a">Szilágyi, Márton</subfield>
    <subfield code="u">Independent Researcher</subfield>
  </datafield>
  <datafield tag="700" ind1=" " ind2=" ">
    <subfield code="a">Ewersen, Jörg</subfield>
    <subfield code="u">TerraMare</subfield>
  </datafield>
  <datafield tag="700" ind1=" " ind2=" ">
    <subfield code="a">Kegler-Graiewski, Nicole</subfield>
    <subfield code="u">LVR Amt fur Bodendenkmalpflege</subfield>
  </datafield>
  <datafield tag="700" ind1=" " ind2=" ">
    <subfield code="a">Griffiths, Seren</subfield>
    <subfield code="u">Manchester Metropolitan University</subfield>
    <subfield code="0">(orcid)0000-0001-5168-9897</subfield>
  </datafield>
  <datafield tag="540" ind1=" " ind2=" ">
    <subfield code="u">https://creativecommons.org/licenses/by-nc/4.0/legalcode</subfield>
    <subfield code="a">Creative Commons Attribution Non Commercial 4.0 International</subfield>
  </datafield>
  <datafield tag="980" ind1=" " ind2=" ">
    <subfield code="a">dataset</subfield>
  </datafield>
  <datafield tag="520" ind1=" " ind2=" ">
    <subfield code="a">&lt;p&gt;These&amp;nbsp;supplementary materials are part of the volume &amp;quot;Coming together, keeping apart. Neolithic networks and society at the M&amp;uuml;nchsh&amp;ouml;fen enclosure and Cham site of Riedling, Lower Bavaria&amp;quot; (Sidestone Press).&lt;/p&gt;

&lt;p&gt;Each file has its own author(s).&lt;/p&gt;

&lt;p&gt;The README file summarises the available file formats, authorship data for the individual files, as well as which corresponding chapter in the book publication they supplement.&lt;/p&gt;</subfield>
  </datafield>
  <controlfield tag="005">20260505082530.0</controlfield>
  <datafield tag="024" ind1=" " ind2=" ">
    <subfield code="a">10.25592/uhhfdm.18674</subfield>
    <subfield code="2">doi</subfield>
  </datafield>
  <datafield tag="500" ind1=" " ind2=" ">
    <subfield code="a">The project was funded by the Deutsche Forschungsgemeinschaft, grant number  282751946 ("Chronologie, Vernetzungen, Sozialstrukturen: Studien zur Münchshöfener Kultur am Erdwerk von Riedling, Niederbayern"; PIs Ludwig Husty and Daniela Hofmann)</subfield>
  </datafield>
  <datafield tag="260" ind1=" " ind2=" ">
    <subfield code="c">2026-05-04</subfield>
  </datafield>
  <controlfield tag="001">18674</controlfield>
  <datafield tag="650" ind1="1" ind2="7">
    <subfield code="a">cc-by</subfield>
    <subfield code="2">opendefinition.org</subfield>
  </datafield>
  <datafield tag="909" ind1="C" ind2="O">
    <subfield code="o">oai:fdr.uni-hamburg.de:18674</subfield>
    <subfield code="p">user-uhh</subfield>
  </datafield>
  <datafield tag="245" ind1=" " ind2=" ">
    <subfield code="a">Supplementary material for publication "Coming together, keeping apart. Neolithic networks and society at the Münchshöfen enclosure and Cham site of Riedling, Lower Bavaria"</subfield>
  </datafield>
  <datafield tag="773" ind1=" " ind2=" ">
    <subfield code="a">10.25592/uhhfdm.18673</subfield>
    <subfield code="i">isVersionOf</subfield>
    <subfield code="n">doi</subfield>
  </datafield>
  <datafield tag="856" ind1="4" ind2=" ">
    <subfield code="s">16781</subfield>
    <subfield code="u">https://www.fdr.uni-hamburg.de/record/18674/files/S0.0_README.docx</subfield>
    <subfield code="z">md5:99af368d17acfcf1aff22b5ede846a74</subfield>
  </datafield>
  <datafield tag="856" ind1="4" ind2=" ">
    <subfield code="s">44540</subfield>
    <subfield code="u">https://www.fdr.uni-hamburg.de/record/18674/files/S0.0_README.pdf</subfield>
    <subfield code="z">md5:8fd1f4c8c268a97dbd7a25dcd213d108</subfield>
  </datafield>
  <datafield tag="856" ind1="4" ind2=" ">
    <subfield code="s">279971</subfield>
    <subfield code="u">https://www.fdr.uni-hamburg.de/record/18674/files/S10.1_RiedlingChippedStone.csv</subfield>
    <subfield code="z">md5:15537cc465272631b5b94f7f73c56898</subfield>
  </datafield>
  <datafield tag="856" ind1="4" ind2=" ">
    <subfield code="s">509</subfield>
    <subfield code="u">https://www.fdr.uni-hamburg.de/record/18674/files/S10.1_RiedlingChippedStone_Sheet2.csv</subfield>
    <subfield code="z">md5:31673665309aff33532687e9a413cee7</subfield>
  </datafield>
  <datafield tag="856" ind1="4" ind2=" ">
    <subfield code="s">163112</subfield>
    <subfield code="u">https://www.fdr.uni-hamburg.de/record/18674/files/S10.1_RiedlingChippedStone.xlsx</subfield>
    <subfield code="z">md5:7c4e61450bc514c6d72691e6ed7e64ef</subfield>
  </datafield>
  <datafield tag="856" ind1="4" ind2=" ">
    <subfield code="s">17732</subfield>
    <subfield code="u">https://www.fdr.uni-hamburg.de/record/18674/files/S10.2_RiedlingChippedStoneFeatures.csv</subfield>
    <subfield code="z">md5:f32ee579f77c3b9106384d4121190044</subfield>
  </datafield>
  <datafield tag="856" ind1="4" ind2=" ">
    <subfield code="s">272</subfield>
    <subfield code="u">https://www.fdr.uni-hamburg.de/record/18674/files/S10.2_RiedlingChippedStoneFeaturesSheet2.csv</subfield>
    <subfield code="z">md5:9fe50fafdc21a52afc73097bf9a6027a</subfield>
  </datafield>
  <datafield tag="856" ind1="4" ind2=" ">
    <subfield code="s">22052</subfield>
    <subfield code="u">https://www.fdr.uni-hamburg.de/record/18674/files/S10.2_RiedlingChippedStoneFeatures.xlsx</subfield>
    <subfield code="z">md5:c85d2936d1b062f7a2444447d3e4bb42</subfield>
  </datafield>
  <datafield tag="856" ind1="4" ind2=" ">
    <subfield code="s">160819</subfield>
    <subfield code="u">https://www.fdr.uni-hamburg.de/record/18674/files/S15.1_RiedlingMHK_Tierknochen.csv</subfield>
    <subfield code="z">md5:c5569b83420a3a07eae04c1894439e56</subfield>
  </datafield>
  <datafield tag="856" ind1="4" ind2=" ">
    <subfield code="s">139438</subfield>
    <subfield code="u">https://www.fdr.uni-hamburg.de/record/18674/files/S15.1_RiedlingMHK_Tierknochen.xlsx</subfield>
    <subfield code="z">md5:0478e4f3ffa8e6c127783da708cbcd5a</subfield>
  </datafield>
  <datafield tag="856" ind1="4" ind2=" ">
    <subfield code="s">12124</subfield>
    <subfield code="u">https://www.fdr.uni-hamburg.de/record/18674/files/S15.2_RiedlingChamAltheim_Tierknochen.csv</subfield>
    <subfield code="z">md5:81268b1095b44f281d8f05ead4049fc6</subfield>
  </datafield>
  <datafield tag="856" ind1="4" ind2=" ">
    <subfield code="s">24293</subfield>
    <subfield code="u">https://www.fdr.uni-hamburg.de/record/18674/files/S15.2_RiedlingChamAltheim_Tierknochen.xlsx</subfield>
    <subfield code="z">md5:1dc73c9a1e9163935d90ac4a5e480672</subfield>
  </datafield>
  <datafield tag="856" ind1="4" ind2=" ">
    <subfield code="s">93653</subfield>
    <subfield code="u">https://www.fdr.uni-hamburg.de/record/18674/files/S15.3_TierknochenAbkuerzungen.pdf</subfield>
    <subfield code="z">md5:29c75927f811c60ab326272923d22d5f</subfield>
  </datafield>
  <datafield tag="856" ind1="4" ind2=" ">
    <subfield code="s">16279</subfield>
    <subfield code="u">https://www.fdr.uni-hamburg.de/record/18674/files/S18.1_RiedlingSpecialDeposits.csv</subfield>
    <subfield code="z">md5:760f2a3cb3c2f39deab38b6ce0f670cd</subfield>
  </datafield>
  <datafield tag="856" ind1="4" ind2=" ">
    <subfield code="s">32737</subfield>
    <subfield code="u">https://www.fdr.uni-hamburg.de/record/18674/files/S18.1_RiedlingSpecialDeposits.xlsx</subfield>
    <subfield code="z">md5:dfed5fdc18495f59b622d3365f971baa</subfield>
  </datafield>
  <datafield tag="856" ind1="4" ind2=" ">
    <subfield code="s">74180</subfield>
    <subfield code="u">https://www.fdr.uni-hamburg.de/record/18674/files/S18.2_ComparativeSpecialDeposits.csv</subfield>
    <subfield code="z">md5:4ef863644df8d1c5fb859fa358429e29</subfield>
  </datafield>
  <datafield tag="856" ind1="4" ind2=" ">
    <subfield code="s">426080</subfield>
    <subfield code="u">https://www.fdr.uni-hamburg.de/record/18674/files/S18.2_ComparativeSpecialDeposits.xlsx</subfield>
    <subfield code="z">md5:9217368f641950c07d73ef8d0bebf934</subfield>
  </datafield>
  <datafield tag="856" ind1="4" ind2=" ">
    <subfield code="s">10327</subfield>
    <subfield code="u">https://www.fdr.uni-hamburg.de/record/18674/files/S19.1_RiedlingOxcalCode.oxcal</subfield>
    <subfield code="z">md5:61ccc6d65d18fff086fcd76b5fa1fe6b</subfield>
  </datafield>
  <datafield tag="856" ind1="4" ind2=" ">
    <subfield code="s">10327</subfield>
    <subfield code="u">https://www.fdr.uni-hamburg.de/record/18674/files/S19.1_RiedlingOxcalCode.txt</subfield>
    <subfield code="z">md5:61ccc6d65d18fff086fcd76b5fa1fe6b</subfield>
  </datafield>
  <datafield tag="856" ind1="4" ind2=" ">
    <subfield code="s">7121</subfield>
    <subfield code="u">https://www.fdr.uni-hamburg.de/record/18674/files/S19.2_RegionalOxcalCode.oxcal</subfield>
    <subfield code="z">md5:d2d03cd615bd9891cd0fdcb72a7692cc</subfield>
  </datafield>
  <datafield tag="856" ind1="4" ind2=" ">
    <subfield code="s">7121</subfield>
    <subfield code="u">https://www.fdr.uni-hamburg.de/record/18674/files/S19.2_RegionalOxcalCode.txt</subfield>
    <subfield code="z">md5:d2d03cd615bd9891cd0fdcb72a7692cc</subfield>
  </datafield>
  <datafield tag="856" ind1="4" ind2=" ">
    <subfield code="s">58110</subfield>
    <subfield code="u">https://www.fdr.uni-hamburg.de/record/18674/files/S3.1_FeatureCatalogue.docx</subfield>
    <subfield code="z">md5:336026f4f5ec27184169d8fb3c5a037e</subfield>
  </datafield>
  <datafield tag="856" ind1="4" ind2=" ">
    <subfield code="s">321644</subfield>
    <subfield code="u">https://www.fdr.uni-hamburg.de/record/18674/files/S3.1_FeatureCatalogue.pdf</subfield>
    <subfield code="z">md5:eae7d7e6a714fb69d9088ca68e960b6a</subfield>
  </datafield>
  <datafield tag="856" ind1="4" ind2=" ">
    <subfield code="s">50198</subfield>
    <subfield code="u">https://www.fdr.uni-hamburg.de/record/18674/files/S4.1_PotteryDatabase.csv</subfield>
    <subfield code="z">md5:a0ad2bb6b6c7613a2822e777ce7092b6</subfield>
  </datafield>
  <datafield tag="856" ind1="4" ind2=" ">
    <subfield code="s">85281</subfield>
    <subfield code="u">https://www.fdr.uni-hamburg.de/record/18674/files/S9.1_RiedlingDaub.csv</subfield>
    <subfield code="z">md5:e084166c8a950a3a82be68debcb6df1b</subfield>
  </datafield>
  <datafield tag="856" ind1="4" ind2=" ">
    <subfield code="s">70172</subfield>
    <subfield code="u">https://www.fdr.uni-hamburg.de/record/18674/files/S9.1_RiedlingDaub.xlsx</subfield>
    <subfield code="z">md5:ccdce82eb50afcb33ffebba87372bcf0</subfield>
  </datafield>
  <datafield tag="041" ind1=" " ind2=" ">
    <subfield code="a">eng</subfield>
  </datafield>
  <datafield tag="100" ind1=" " ind2=" ">
    <subfield code="a">Hofmann, Daniela</subfield>
    <subfield code="u">University of Bergen</subfield>
    <subfield code="0">(orcid)0000-0003-3538-844X</subfield>
  </datafield>
  <datafield tag="980" ind1=" " ind2=" ">
    <subfield code="a">user-uhh</subfield>
  </datafield>
</record>

Cite record as